000 00327nam a22001337a 4500
008 170331b xxu||||| |||| 00| 0 eng d
020 _a9780766813731
041 _aeng
080 _23 ED
_a616-053.2
100 _a8
101 _aSHM
245 _aCOMPREHENSIVE PERINAL PEDIATRIC RESPIRATORY CARE
_cWHITAKER.K
942 _2udc
_cBK
999 _c9214
_d9214